Notes for estate agents on the new valuation under the Rating and Valuation Act. Lincolnshire branch November 1927. (Record no. 99920)
[ view plain ]
| 000 -LEADER | |
|---|---|
| fixed length control field | 00503cam a22001575a 4500 |
| 001 - CONTROL NUMBER | |
| control field | J100916 |
| 008 - FIXED-LENGTH DATA ELEMENTS--GENERAL INFORMATION | |
| fixed length control field | 000000s1927 xxk 000 0 eng u |
| 035 ## - SYSTEM CONTROL NUMBER | |
| System control number | (Sirsi) u100916 |
| 110 ## - MAIN ENTRY--CORPORATE NAME | |
| Corporate name or jurisdiction name as entry element | Auctioneers' and Estate Agents' Institute of the United Kingdom |
| 9 (RLIN) | 3789 |
| 245 ## - TITLE STATEMENT | |
| Title | Notes for estate agents on the new valuation under the Rating and Valuation Act. Lincolnshire branch November 1927. |
| 260 ## - PUBLICATION, DISTRIBUTION, ETC. | |
| Date of publication, distribution, etc. | 1927 |
| 300 ## - PHYSICAL DESCRIPTION | |
| Extent | 19p. |
| 651 #4 - SUBJECT ADDED ENTRY--GEOGRAPHIC NAME | |
| Geographic name | United Kingdom |
| Chronological subdivision | |
| 690 ## - LOCAL SUBJECT ADDED ENTRY--TOPICAL TERM (OCLC, RLIN) | |
| Topical term or geographic name as entry element | Valuation |
| 9 (RLIN) | 6273 |
| 942 ## - ADDED ENTRY ELEMENTS (KOHA) | |
| Suppress in OPAC | 0 |
| Withdrawn status | Lost status | Source of classification or shelving scheme | Damaged status | Not for loan | Home library | Current library | Shelving location | Date acquired | Total Checkouts | Full call number | Barcode | Date last seen | Copy number | Price effective from | Koha item type |
|---|---|---|---|---|---|---|---|---|---|---|---|---|---|---|---|
| Dewey Decimal Classification | Historic collection | Historic collection | RICS Boxes | 26/10/1999 | RICS 1927 | 30059810 | 06/08/2019 | 1 | 06/08/2019 | Archive |